000 00231 a2200097 4500
001 32310
100 _aCrane, Dale
245 _aAircraft Reciprocating Engines
260 _aN.Y
_bMcGraw Hill Books Co
_c1983
090 _c21697
_d21697
942 _aNUST-CAE
_cM
_c12999
999 _c267383
_d267383